A slightly more difficult quiz about Ireland - Statistics

General Stats
  • This quiz has been taken 25 times
  • The average score is 8 of 21
Answer Stats
Hint Answer % Correct
Póg mo hón is an Irish phrase meaning what? Kiss my arse
80%
According to the most recent census, in 2016, what is the largest nationality in Ireland apart from Irish? Polish (122,000+)
75%
An Gorta Mór refers to which dark period of Irish history The Great Famine
75%
What type of instrument is the bodhrán? Drum
65%
Bunreacht na hÉireann refers to which document pertaining to the Irish state? The constitution
55%
If I were to give you a 'dig', what would I be doing? Punching you
50%
The opening scene of which 1998 award winning World War II classic was filmed on Curracloe Beach, County Wexford? Saving Private Ryan
50%
If I were giving you a 'dig out', what would I be doing? Helping you
45%
South-eastern town Enniscorthy hosts a festival dedicated to which fruit every June? Strawberry
45%
If you were to order a one and one, what food would you be ordering? Fish and chips
40%
Many of the scenes in the newest Star Wars films involving Luke Skywalker were filmed on which island off Ireland's south-west coast? Sceilig Mhichíl / Skellig Michael
35%
Glendalough, now Ireland's most visited tourist attraction, was home to the monastery of which saint? St. Kevin
35%
Hayes' Hotel in Thurles, County Tipperary is famous for hosting the first meeting of which prominent organisation in Ireland? The Gaelic Athletic Association (GAA) / Cumann Lúthchleas Gael (CLG)
30%
Peadar Kearney is famous for writing which famous Irish song? The national anthem, Amhrán na bhFiann
30%
'Stately, plump Buck Mulligan came from the stairhead, bearing a bowl of lather on which a mirror and a razor lay crossed' is the opening line from which famous Irish novel? Ulysses by James Joyce
30%
Lambay Island, off the coast of Dublin, is home to which creature not indigenous to Ireland? Wallaby
20%
The word 'kill' is found in many Irish place names, to the humour of many tourists and non-Irish. What does it actually mean, though? Church or forest
15%
Who was Ireland's first head of government (effectively a prime minister), which he became in 1922? W.T. Cosgrave
15%
Economist, Paul Krugman used which expression to describe Ireland's economy? Leprechaun economics
10%
Irishman, Robert Mallet is famous for founding which scientific study in 1857? Seismology
10%
U2 are Ireland's most famous musical export. What were they called before changing their name to U2? The Hype
5%
No matching quizzes found
Score Distribution
Percent of People with Each Score
Percentile by Number Answered
Your Score History
You have not taken this quiz